Analýza zahraničného obchodu s poľnohospodárskymi a potravinárskymi výrobkami
Gespeichert in:
| 1. Verfasser: | |
|---|---|
| Weitere Verfasser: | |
| Format: | Buch |
| Sprache: | Slowakisch |
| Veröffentlicht: |
Bratislava
Výskumný ústav ekonomiky poľnohospodárstva a potravinárstva
2007
|
| Schriftenreihe: | Štúdia
č. 115/2007 |
| Schlagworte: | |
| Tags: |
Keine Tags, Fügen Sie das erste Tag hinzu!
|
MARC
| LEADER | 00000nam$a2200000$$$4500 | ||
|---|---|---|---|
| 001 | 0060359 | ||
| 005 | 20220805103443.6 | ||
| 020 | |a 978-80-8058-449-8 | ||
| 041 | 0 | |a slo | |
| 044 | |a SK | ||
| 245 | 1 | 0 | |a Analýza zahraničného obchodu s poľnohospodárskymi a potravinárskymi výrobkami |c Jozef Gálik, Dagmar Matošková |
| 264 | 1 | |a Bratislava |b Výskumný ústav ekonomiky poľnohospodárstva a potravinárstva |c 2007 | |
| 300 | |a 37 s. | ||
| 490 | 1 | |a Štúdia |v č. 115/2007 | |
| 830 | 0 | |a Štúdia |v č. 115/2007 | |
| 610 | 2 | 0 | |a obchod zahraničný |
| 610 | 2 | 0 | |a analýzy |
| 610 | 2 | 0 | |a poľnohospodárstvo |
| 610 | 2 | 0 | |a výrobky poľnohospodárske |
| 610 | 2 | 0 | |a potravinárstvo |
| 610 | 2 | 0 | |a integrácia ekonomická medzinárodná |
| 610 | 2 | 0 | |a Slovensko |
| 610 | 2 | 0 | |a Európska únia |
| 100 | 1 | |a Gálik, Jozef | |
| 700 | 1 | |a Matošková, Dagmar | |